| 000 | 00658nam a2200229 a 4500 | ||
|---|---|---|---|
| 001 | 64750 | ||
| 003 | BD-RjUL | ||
| 005 | 20211209081339.0 | ||
| 008 | 170220s1962 enkb 001 0 eng d | ||
| 035 | _a(BD-RjUL) 64880 | ||
| 040 |
_aBD-RjUL _cBD-RjUL _dBD-RjUL _beng |
||
| 041 | _aeng | ||
| 082 |
_223 _a959 _bPUR 1962 |
||
| 100 | 1 |
_aPurcell, Victor, _d1896-1965. _9191964 |
|
| 245 | 1 | 4 | _aThe revolution in Southeast Asia / |
| 260 |
_aLondon : _bThames and Hudson _cc1962 |
||
| 300 |
_a199 p. : _bill. ; _c21 cm. |
||
| 500 | _aIncludes Index. | ||
| 650 |
_aSoutheast Asia _xHistory. _9191965 |
||
| 651 | 0 |
_aSoutheast Asia _xHistory. _9191965 |
|
| 942 |
_2ddc _cBK |
||
| 999 |
_c64750 _d64750 |
||